00295nam a2200121Ia 45000030006000000080041000060400015000471000026000622450023000882600033001115460012001440050017001560STCL150530s9999 xx 000 0 und d aSTCLcSTCL aBacon; Sastri; Editor aBacon new atlantis bLakshmi Narain Agarwalc1960 aEnglish20220125171132.0